| 000 | 00882cam a22002772 4500 | ||
|---|---|---|---|
| 001 | 52224 | ||
| 003 | BD-RJUL | ||
| 005 | 20211209075754.0 | ||
| 008 | 160907s19611968nyua 001 0 eng d | ||
| 035 | _aBD-RJUL 52344 | ||
| 040 |
_aIWS _cIWS _dOCL _dGUA _dEQO _beng |
||
| 041 | _aeng | ||
| 082 |
_223 _a530 _bSCS 1968 |
||
| 090 |
_aQC32 _b.S33 1961 |
||
| 100 | 1 |
_aSchaum, Daniel. _9156223 |
|
| 245 | 1 | 0 |
_aSchaum's outline of theory and problems of college physics / _cby Daniel Schaum ; edited by Carel W. van der Merwe. |
| 250 | _a6th ed. | ||
| 260 |
_aNew York : _bMcGraw-Hill, _c1961[reprint 1968] |
||
| 300 |
_a270 p. : _bill. ; _c28 cm. |
||
| 490 | 0 | _aSchaum's outline series | |
| 500 | _aIncludes index. | ||
| 650 | 0 |
_aPhysics _vProblems, exercises, etc. _9156224 |
|
| 740 | 0 | 1 | _aTheory and problems of college physics. |
| 740 | 0 | 1 | _aCollege physics. |
| 942 |
_2ddc _cBK |
||
| 999 |
_c52224 _d52224 |
||